Computer Science (Record no. 347298)

MARC details
000 -LEADER
fixed length control field 00514nam a2200181Ia 4500
008 - FIXED-LENGTH DATA ELEMENTS--GENERAL INFORMATION
fixed length control field 230718s9999 xx 000 0 und d
020 ## - INTERNATIONAL STANDARD BOOK NUMBER
International Standard Book Number 9788131501122
041 ## - LANGUAGE CODE
Language code of text/sound track or separate title eng
082 ## - DEWEY DECIMAL CLASSIFICATION NUMBER
Classification number 005.13'3
Item number FOR
100 ## - MAIN ENTRY--PERSONAL NAME
Personal name Forouzan B.A.
9 (RLIN) 108860
245 ## - TITLE STATEMENT
Title Computer Science
Remainder of title A Structured Approach Using C++
250 ## - EDITION STATEMENT
Edition statement 2nd ed.
260 ## - PUBLICATION, DISTRIBUTION, ETC. (IMPRINT)
Date of publication, distribution, etc. 2014
Name of publisher, distributor, etc. Cengage Learning
300 ## - PHYSICAL DESCRIPTION
Extent 1022
365 ## - TRADE PRICE
Currency code Rs.
Price amount 675.00
700 ## - ADDED ENTRY--PERSONAL NAME
Personal name Forouzan B.A. & Gilberg R.F.
906 ## - LOCAL DATA ELEMENT F, LDF (RLIN)
d O:0592815-Mar-2018B:523606-Mar-2018
c SC
b 567
Holdings
Withdrawn status Lost status Damaged status Not for loan Home library Current library Date acquired Vendor Budget Code Cost, normal purchase price Bill number Total Checkouts Full call number Barcode Date last seen Discount Cost, replacement price Bill Date Koha item type Original Barcode
        Cummins College of Engineering for Women Pune Cummins College of Engineering for Women Pune 15/03/2018 Vaibhav Book House SC 486.00 5236   005.13'3 CCEP-BK-58505 18/07/2023 567 675.00 06/03/2018 Books 058505